| 000 | 00418nam a22001457a 4500 | ||
|---|---|---|---|
| 020 | _a9787802590090 | ||
| 040 | _cNUST | ||
| 082 |
_a370.951 _bGAN 2018 |
||
| 100 |
_aGang Han _915030 |
||
| 245 |
_aRead China : how china's development shapes Chinese people's lives in the changing world _cHan Gang |
||
| 260 |
_bBeijing mediatime united _c2018 _aBeijing |
||
| 300 | _aill,280,P,: | ||
| 500 | _aH.B | ||
| 942 |
_2ddc _cBK |
||
| 999 |
_c588445 _d588445 |
||